Statistiques concernant Paroles - Zen - Zazie

Cliquez ici pour prendre le quiz!

Statistiques générales

  • Ce quiz a été pris 103 fois
  • Le résultat moyen est 147 sur 214

Statistiques - réponses

Réponses % Correct
à
96%
à
96%
à
96%
à
96%
à
96%
à
96%
à
96%
à
96%
à
96%
à
96%
à
96%
à
96%
à
96%
Zen
94%
Zen
94%
Zen
94%
Zen
94%
Zen
94%
Zen
94%
Zen
94%
Zen
94%
Zen
94%
Zen
94%
Zen
94%
Zen
94%
Zen
94%
Zen
94%
Zen
94%
Zen
94%
Zen
94%
Zen
94%
Zen
94%
Zen
94%
Zen
94%
le
92%
dans
90%
dans
90%
dans
90%
les
90%
les
90%
dans
90%
les
90%
dans
90%
les
90%
les
90%
les
90%
Du
89%
Du
89%
du
89%
Du
89%
la
89%
la
89%
la
89%
la
89%
la
89%
Du
89%
la
89%
la
89%
la
89%
la
89%
Du
89%
la
89%
Soyons
87%
soyons
87%
Soyons
87%
Soyons
87%
Soyons
87%
de
86%
de
86%
de
86%
et
86%
et
86%
De
86%
et
86%
De
86%
et
86%
de
86%
De
86%
de
86%
Un
86%
de
86%
et
86%
de
86%
et
86%
un
86%
je
80%
comme
79%
comme
79%
comme
79%
vie
75%
vie
75%
vie
75%
veines
74%
veines
74%
veines
74%
sang
73%
sang
73%
sang
73%
scène
71%
scène
71%
pas
71%
Qui
71%
qui
71%
pas
71%
Pas
71%
scène
71%
scène
71%
Qui
71%
pas
71%
sans
70%
mon
70%
sans
70%
Sans
70%
sans
70%
Sans
70%
sans
70%
Sans
70%
des
70%
Sans
70%
Sans
70%
sans
70%
amour
69%
amour
69%
amour
69%
amour
69%
Tous
69%
amour
69%
se
69%
Tous
69%
en
69%
ne
69%
ces
68%
ces
68%
haine
67%
haine
67%
haine
67%
haine
67%
haine
67%
J'ai
65%
froid
63%
mal
63%
froid
63%
froid
63%
mes
62%
mes
62%
restons
62%
restons
62%
restons
62%
pour
61%
café
58%
Plus
57%
Plus
57%
Plus
57%
canard
56%
si
56%
digérer
55%
suis
52%
papiers
50%
mâchés
50%
Sont
49%
Fallait
48%
Fallait
48%
chaîne
46%
est
46%
chaîne
46%
on
46%
chaîne
46%
Même
46%
entre
45%
rester
45%
parfois
44%
C'est
43%
filet
43%
choc
40%
choc
40%
prennent
39%
pêcheur
39%
lignes
39%
Quand
38%
ceux
38%
Pauvre
38%
maîtres-chanteurs
37%
sautes
37%
d'humeur
37%
bout
37%
lire
37%
digne
36%
n'en
36%
p'tit
36%
calme
35%
calme
35%
fond
35%
joue
35%
voix
35%
larguer
33%
prêts
33%
joueurs
33%
amours
33%
guignols
32%
court
32%
d'atoll
32%
J'suis
32%
coffre
30%
mordre
27%
l'vent
27%
manquent
27%
humaine
23%
erreurs
21%
L'erreur
21%
facile
20%
compter
19%
scoop
14%
Idem
8%
hauteur
2%

Distribution des résultats

Percentile by Number Answered

% des personnes avec chaque résultat

Votre développement - résultats

Vous n’avez pas pris ce quiz